MARC

LEADER 00000nas a22000007a 4500
001 ssj0037942
003 WaSeSS
005 20200512172242.0
006 m d
007 cr n
008 030523c20019999miuqr pss 0 a0eng c
010 |a  2003213957 
022 |a 1544-9475  |l 1544-9475 
035 |a (WaSeSS)ssj0037942 
037 |b Society of Manufacturing Engineers, One SME Dr., P.O. Box 930, Dearborn, MI 48121 
040 |a NSD  |b eng  |c NSD  |d OCLCQ  |d HUA  |d OCLCQ  |d OCLCF  |d OCLCO  |d OCLCQ  |d CUS  |d AU@  |d WaSeSS 
042 |a nsdp  |a pcc 
050 1 4 |a HD9661.A1 
082 1 0 |a 338  |2 13 
222 0 |a Plastics insights newsletter 
245 0 0 |a Plastics insights newsletter  |h [electronic resource]. 
246 3 0 |a Plastics insights 
260 |a Dearborn, Mich. :  |b Plastics Molders and Manufacturers Association of SME 
310 |a Quarterly 
362 1 |a Began in fall 2001. 
506 |a License restrictions may limit access. 
538 |a Mode of access: World Wide Web. 
588 |a Description based on: Vol. 2, no. 1 (1st quarter 2003); title from journal home page (viewed May 23, 2003). 
650 0 |a Plastics industry and trade  |v Periodicals. 
650 7 |a Plastics industry and trade.  |2 fast  |0 (OCoLC)fst01066679 
655 0 |a Electronic journals. 
710 2 |a Plastics Molders and Manufacturers Association of SME. 
710 2 |a Society of Manufacturing Engineers. 
856 4 0 |z Full text available from Research Library: 01/01/2005 to 01/31/2006  |u https://search.proquest.com/publication/28833